Strength of Materials (Record no. 905)

MARC details
000 -LEADER
fixed length control field 00343nam a2200145Ia 4500
008 - FIXED-LENGTH DATA ELEMENTS--GENERAL INFORMATION
fixed length control field 191201s2004 xx 000 0 und d
082 ## - DEWEY DECIMAL CLASSIFICATION NUMBER
Classification number 620.112
Item number RAS
100 ## - MAIN ENTRY--PERSONAL NAME
Personal name RAJPUT, R K
245 #0 - TITLE STATEMENT
Title Strength of Materials
250 ## - EDITION STATEMENT
Edition statement 1st
260 ## - PUBLICATION, DISTRIBUTION, ETC. (IMPRINT)
Place of publication, distribution, etc N.Delhi
Name of publisher, distributor, etc S Chand and Co. Ltd.
Date of publication, distribution, etc 2004
300 ## - PHYSICAL DESCRIPTION
Extent 1424
650 ## - SUBJECT ADDED ENTRY--TOPICAL TERM
Topical term or geographic name as entry element B.Tech(ME)
942 ## - ADDED ENTRY ELEMENTS (KOHA)
Source of classification or shelving scheme Dewey Decimal Classification
Koha item type Text Books
Holdings
Withdrawn status Lost status Source of classification or shelving scheme Damaged status Not for loan Collection code Home library Current library Date acquired Source of acquisition Cost, normal purchase price Bill Number Total Checkouts Full call number Acc. no. / Barcode Date last seen Date last borrowed Bill Date Koha item type
    Dewey Decimal Classification     B.Tech(ME) PIET C-LIBRARY PIET C-LIBRARY 17/08/2006 M/s UDH , Delhi 545.00 125415 8 620.112 RAS 542 22/12/2022 09/12/2022 18/08/2005 Text Books
    Dewey Decimal Classification     B.Tech(ME) PIET C-LIBRARY PIET C-LIBRARY 17/08/2006 M/s UDH , Delhi 545.00 125415 13 620.112 RAS 543 30/05/2024 17/05/2024 18/08/2005 Text Books
    Dewey Decimal Classification     B.Tech(ME) PIET C-LIBRARY PIET C-LIBRARY 17/08/2006 M/s UDH , Delhi 545.00 125415 7 620.112 RAS 544 25/08/2021 24/08/2021 18/08/2005 Text Books
    Dewey Decimal Classification     B.Tech(ME) PIET C-LIBRARY PIET C-LIBRARY 17/08/2006 M/s UDH , Delhi 545.00 125415 10 620.112 RAS 545 09/01/2025 06/01/2025 18/08/2005 Text Books

Design & Developed by: PIET Central Library
R70 Miles Stone Pattikalyana Samalkha Panipat 132102
mail ID :- [email protected], Phone No:- 0180-2569700 Ex.216